| 000 | 00840cam a2200253 a 4500 | ||
|---|---|---|---|
| 001 | 000005447 | ||
| 005 | 20200929151700.0 | ||
| 008 | 950621s1994 sp a b 000 p spa | ||
| 020 | _a8437612969 | ||
| 040 |
_aDO-SdBNP _cDLC _dDLC |
||
| 082 |
_a861.64 _bU41a |
||
| 100 | 1 |
_aUllán, José Miguel, _d1944-2009 _915479 |
|
| 245 | 1 | 0 |
_aArdicia : _bantología poética, 1964-1994 / _cJosé-Miguel Ullán ; edición de Miguel Casado. |
| 260 |
_aMadrid : _bCátedra, _c1994. |
||
| 300 |
_a476 p. : _bil. ; _c18 cm. |
||
| 490 | 1 |
_aLetras hispánicas _v387 |
|
| 504 | _aIncluye referencias bibliográficas (p. 155-162). | ||
| 650 | 4 |
_aPoesía española _9631 |
|
| 650 | 4 |
_aLiteratura española _9632 |
|
| 700 | 1 |
_aCasado, Miguel, _eed. _915480 |
|
| 830 | 0 |
_aLetras hispánicas ; _v387 _94208 |
|
| 910 | _aCatalogación por copia / LC | ||
| 910 | _aWM | ||
| 999 |
_c5247 _d5247 |
||